Welcome to CU Library Online Public Access Catalogue (OPAC)

ARE WE LIVING IN THE END TIMES? (Record no. 6356)

MARC details
000 -LEADER
fixed length control field 00382nam a22001457a 4500
005 - DATE AND TIME OF LATEST TRANSACTION
control field 20250609142148.0
008 - FIXED-LENGTH DATA ELEMENTS--GENERAL INFORMATION
fixed length control field 250609b |||||||| |||| 00| 0 eng d
020 ## - INTERNATIONAL STANDARD BOOK NUMBER
International Standard Book Number 031809019993
050 ## - LIBRARY OF CONGRESS CALL NUMBER
Classification number BT887
Item number LAH
100 ## - MAIN ENTRY--PERSONAL NAME
Personal name LAHAYE TIM
245 ## - TITLE STATEMENT
Title ARE WE LIVING IN THE END TIMES?
260 ## - PUBLICATION, DISTRIBUTION, ETC.
Place of publication, distribution, etc. ILLINOIS
Name of publisher, distributor, etc. TYNDALE HOUSE PUBLISHERS, INC.
Date of publication, distribution, etc. c1999
300 ## - PHYSICAL DESCRIPTION
Extent xi, 371p
942 ## - ADDED ENTRY ELEMENTS (KOHA)
Source of classification or shelving scheme Library of Congress Classification
Koha item type Books
Suppress in OPAC No
999 ## -
-- 6356
-- 6356
Holdings
Withdrawn status Lost status Source of classification or shelving scheme Damaged status Not for loan Collection Home library Current library Shelving location Date acquired Total checkouts Full call number Barcode Date last seen Copy number Price effective from Koha item type
    Library of Congress Classification     Non-fiction Undergraduate Library (Christ Temple) Undergraduate Library (Christ Temple) General stacks 06/09/2025   BT887 LAH ulct00003113 06/09/2025 1 06/01/2025 Books
    Library of Congress Classification     Non-fiction Undergraduate Library (Christ Temple) Undergraduate Library (Christ Temple) General stacks 06/09/2025   BT887 LAH ulct00003114 06/09/2025 2 06/01/2025 Books
© 2023-2024 Copyright: Central University Libraries. All Rights Reserved | Created by: Mahone Tech Office